000 01135cam a2200169 4500
001 L130088
008 050621n 000 0 eng u
035 _a(Sirsi) u130088
041 _aeng
110 _aJones Lang LaSalle
_93755
245 _aFocusOn global hotel management agreement trends
520 _aA review of recently negotiated hotel management agreements and leases produced by CMS Cameron McKenna in conjunction with Jones Lang LaSalle Hotels. The results are based on an analysis of over 80 hotel management agreements and leases negotiated over the last four years across Europe, Asia Pacific and the Americas. Shows that only minor changes have occurred globally due to key commercial terms of hotel management agreements having moved as far as possible in favour of owners. [Taken from journal abstract].
590 _aIKA040705
690 _aPROPERTY-COMMERCIAL PROPERTY-LEISURE PROPERTY-HOLIDAY AND GUEST PROPERTY-HOTEL PROPERTY-HOTELS
856 _uhttps://www.joneslanglasallehotels.com/en-us/research/researchabstract?artid=1787
_zView the item free of charge at www.joneslandlasallehotels.com...
942 _n0
999 _c104342
_d104342